Systémy riadenia záväzkov a pohľadávok podniku diplomová práca

Salvato in:
Dettagli Bibliografici
Autore principale: Baloghová, Adriana
Ente Autore: Fakulta podnikového manažmentu EU. Katedra podnikových financií
Altri autori: Kubranová, Magdaléna, 1956-
Natura: Libro
Lingua:slovacco
Pubblicazione: Bratislava 2008
Tags: Aggiungi Tag
Nessun Tag, puoi essere il primo ad aggiungerne!!

MARC

LEADER 00000nam$a2200000$$$4500
001 0088605
005 20240201120449.5
041 0 |a slo 
044 |a SK 
245 1 0 |a Systémy riadenia záväzkov a pohľadávok podniku  |b diplomová práca  |c Adriana Baloghová ; škol. Magdaléna Kubranová 
264 1 |a Bratislava  |c 2008 
300 |a 67 s. 
100 1 |a Baloghová, Adriana 
700 1 |a Kubranová, Magdaléna, 1956- 
710 2 |a Fakulta podnikového manažmentu EU. Katedra podnikových financií